000 00344nam a2200145Ia 4500
005 20250624015635.0
008 240331s9999 xx 000 0 und d
082 _bDES
_a335
100 _aDe Silva,N
245 0 _aMaxswadaye daridrathawaya
260 _aMharagama
_bThink cluster
_c1993
300 _a56 p .,
650 _aSocialism
942 _cL
999 _c5270
_d5270